Normal view
MARC view
- عودة، صادق
Entry Personal Name
001 - CONTROL NUMBER
- control field: 66697
003 - CONTROL NUMBER IDENTIFIER
- control field: JO-AjAnu
005 - DATE AND TIME OF LATEST TRANSACTION
- control field: 20250928124717.0
008 - FIXED-LENGTH DATA ELEMENTS
- fixed length control field: 250928|| aca||aabn | a|a d
040 ## - CATALOGING SOURCE
- Original cataloging agency: JO-AjAnu
100 ## - HEADING--PERSONAL NAME
- Personal name: عودة، صادق
- Relator term: مترجم مشارك